000 00211nam a22000857a 4500
999 _c4737
_d4737
008 161208b xxu||||| |||| 00| 0 eng d
020 _a9788178690223
100 _91948
_aMehta.N.
245 _aContinental Non Veg
260 _aNew Delhi
_bSnas
_c2011